000 00712nam a2200229 a 4500
005 20240316063746.0
008 120628s2006 ag r 000 0 spa d
020 _a9875506664
035 _aUPN01000185589
049 _aCG
050 4 _aB1848
_bD4.38d
100 1 _aDescartes, René,
_d1596-1650
245 1 0 _aDiscurso del método /
_cRené Descartes ; tr. y pról. Pablo Erramouspe.
260 _aBuenos Aires :
_bLongseller,
_c2006.
300 _a191 p.
440 0 _aClásicos de siempre.
_pGrandes filósofos ;
_v14
534 _pTítulo original :
_tDiscours de la méthode
650 4 _aCiencia
_xMetodología
_95804
650 4 _aRazonamiento
_93600
650 4 _aFilosofía
_95327
905 _aLibro
999 _c157692
_d157692